000 00744nam a2200217Ia 4500
999 _c44614
_d44614
001 11417
003 GE_BSU
005 20210211142946.0
008 181216s||||||||xx |||||||||||||| ||und||
040 _cGE_BSU
041 _ageo
080 _a003.374 გ-73
100 _aგოჩიტაშვილი, ქეთევან.
_94197
245 _aაკადემიური წერა
264 _aთბილისი :
_bსაიმედო,
_c2013.
300 _a261 გვ.
_b26 სმ.
500 _aშემოსულია ტემპუსის პროექტით
653 _aაკადემიური წერა
653 _aტემპუსის პროექტით
942 _cBK
_2udc